00442nam a2200133Ia 4500100002600000942000700026654002800033245004200061260003800103082001700141546001200158999001700170952012100187 aReitz/ J.R. & others  cBK aElectromagnectic Theory aFoundation of Electromagnectic Theory bNarosa Pub HouseaNew Delhic1979 a530.141bPAN aENGLISH c35080d35080 001040708CRCaCRCEbCRCEc1446 | 55d2023-03-17g110.00l0o530.141 PANp6110r2023-03-17v110.00w2023-03-17yBK